| 000 | 01006nam a2200277 i 4500 | ||
|---|---|---|---|
| 001 | 179918 | ||
| 003 | ES-MaACL | ||
| 005 | 20230927165503.0 | ||
| 008 | 120224s2011 sp a |||| |bspa d | ||
| 020 | _a978-84-936278-4-3 | ||
| 080 | _a32 Rodríguez Chaos, Melquesidez | ||
| 080 | _a929-054.7(=1.460:430.1)"19":32 | ||
| 100 | 1 |
_aRodríguez Chaos, Melquesidez. _9149457 |
|
| 245 | 1 | 4 |
_aUna odisea en Alemania / _cMelquesidez Rodríguez Chaos. |
| 250 | _a1ª ed. | ||
| 260 |
_a[Madrid] : _bFundación Domingo Malagón, _c2011. |
||
| 300 |
_a219 p. : _bil. ; _c21 cm. |
||
| 600 | 1 | 7 |
_aRodríguez Chaos, Melquesidez. _9149457 |
| 650 | 7 |
_aExiliados españoles- _zAlemania (República Federal) _9149458 |
|
| 650 | 0 | 4 |
_aExiliados españoles- _xActividad política. _912661 |
| 700 | 1 |
_aPedregal Casanova, Ramón. _9149459 |
|
| 710 | 2 |
_aFundación Domingo Malagón. _94279 |
|
| 852 |
_aES-MaACL _jA-11996 _9186822 _bR.146951 _cDEPO1 _dOlim: N-5001 |
||
| 942 |
_2udc _cMONOGRAFIA |
||
| 999 |
_c179918 _d179918 |
||